[Event "EICC 2019"]
[Site "Skopia"]
[Date "2019.03.18"]
[Round "1.11"]
[White "Tomazini, Zan"]
[Black "Cheparinov, Ivan"]
[Result "0-1"]
[WhiteElo "2431"]
[BlackElo "2683"]
[Annotator "TA"]
[PlyCount "62"]
[EventDate "2019.03.18"]
[EventType "swiss"]
[EventCountry "MKD"]
[SourceTitle "playchess.com"]
[Source "ChessBase"]
[SourceQuality "1"]

{[%evp 9,62,14,16,-2,0,0,8,0,12,-7,0,-20,-7,-37,-31,-45,-37,-42,-47,-66,-60,-61,-70,-69,-61,-57,-64,-99,-54,-251,-262,-231,-264,-270,-267,-560,-517,-525,-554,-550,-516,-790,-484,-651,-646,-631,-621,-1934,-1993,-1938,-1753,-29996,-29997,-29997,-29998]} 1. e4 e5 2. Nf3 Nc6 3. Bc4 Bc5 4. d3 Nf6 5. Bb3 (5. Nc3 d6 6. Na4 Qe7 7. a3 Be6 8. Bxe6 Qxe6 9. b4 Bb6 10. O-O O-O 11. c4 Nd7 12. Bb2 Nd4 13. Nd2 f5 14. Rc1 {1-0 (45) Giri,A (2783)-Shankland,S (2725) Wijk aan Zee 2019}) 5... O-O 6. h3 {C50: Hungarian Defence and Giuoco Pianissimo} a5 7. a4 d6 8. c3 {The position is equal.} Ne7 $146 ({Predecessor:} 8... h6 9. O-O Ba7 10. Na3 Be6 11. Re1 Qd7 12. Nb5 Bb6 13. Bxe6 fxe6 14. Be3 Bxe3 15. Rxe3 Qf7 16. Rc1 Nh5 17. Rc2 Nf4 18. g3 Qh5 {½-½ (18) Yemelin,V (2574)-Petrisor,A (2388) Arad 2015}) 9. Nbd2 Ng6 10. Nc4 c6 11. Be3 {With the idea Bxc5.} (11. O-O {keeps more tension.} Be6 12. Bd2 Re8 13. Re1 d5 14. exd5 Bxd5 15. Bg5) 11... Bxe3 12. Nxe3 d5 13. Bc2 Re8 14. g3 h6 15. Kf1 Be6 16. Kg2 Qb6 17. Qc1 Rad8 18. Nh2 Nh5 19. Nhg4 $2 (19. Re1 $15) 19... dxe4 $19 20. dxe4 {[#]} Nhf4+ $1 {[%mdl 512]} 21. gxf4 exf4 22. Nf5 $2 (22. Rf1 {was worth a try.} fxe3 23. Qxe3 Qxb2 24. Rfc1) 22... Bxf5 23. exf5 Nh4+ 24. Kh2 {[#]} Rd2 $3 {[%cal Rd2f2][%mdl 512] ( -> ...Rxf2+)} 25. Rf1 (25. Rg1 $142 Ree2 26. Kh1) (25. Qxd2 Nf3+) 25... Ree2 26. Bd3 Rxd3 27. Qxf4 Qd8 28. Ra3 Rf3 29. Qd4 Qc7+ 30. Kg1 {[#]} Rg3+ $1 {[%mdl 512]} 31. Kh1 (31. fxg3 Qxg3+) 31... Rxh3+ {Accuracy: White = 24%, Black = 72%.} 0-1

[Event "EICC 2019"]
[Site "Skopia"]
[Date "2019.03.18"]
[Round "1.12"]
[White "Eljanov, Pavel"]
[Black "Todorovic, Goran M"]
[Result "0-1"]
[WhiteElo "2682"]
[BlackElo "2429"]
[Annotator "TA"]
[PlyCount "60"]
[EventDate "2019.03.18"]
[EventType "swiss"]
[EventCountry "MKD"]
[SourceTitle "playchess.com"]
[Source "ChessBase"]
[SourceQuality "1"]

{[%evp 16,60,26,20,51,10,18,10,24,41,27,8,14,23,38,0,0,-8,3,-131,-115,-133,-140,-139,-130,-133,-96,-116,-127,-203,-197,-277,-268,-251,-237,-498,-514,-489,-508,-2366,-877,-29972,-29973,-6802,-7308,-5589,-5365]} 1. e4 e5 2. Nf3 Nc6 3. Bb5 a6 4. Ba4 Nf6 5. d3 d6 6. c3 Be7 7. O-O O-O 8. h3 b5 9. Bc2 Bb7 {C77: Ruy Lopez: 3...a6 4 Ba4 Nf6, unusual lines} 10. Be3 (10. Nbd2 Re8 11. a3 Bf8 12. b4 h6 13. Bb2 Ne7 14. Nb3 Rb8 15. Na5 Ba8 16. Nh4 d5 17. f4 exf4 {0-1 (42) Bartel,M (2609)-Kovalenko,I (2639) Bialystok 2017}) 10... d5 11. Nbd2 d4 {The position is equal.} 12. cxd4 exd4 13. Bg5 $146 ({Predecessor:} 13. Bf4 Bd6 14. Bg5 Be7 15. Rc1 h6 16. Bh4 Nh5 17. Bxe7 Qxe7 {1-0 (42) Klawitter,B (902)-Ogaki,H (844) LSS email 2012}) 13... Nh5 14. Bxe7 Qxe7 15. a3 Rad8 16. Nh2 Nf4 $36 {[%mdl 2048] Black is more active.} 17. Qg4 {[#]} (17. g3 $1 $11 Nxh3+ 18. Kg2) 17... g5 $1 $17 18. Nhf3 {[#]} f6 $1 19. Rfe1 Kh8 20. Qg3 Ne5 21. Nxe5 fxe5 22. Nf3 (22. Bd1 $17) 22... Rg8 $19 23. a4 (23. Kh1 $142) 23... Bc8 24. Nh2 h5 25. f3 $2 (25. Kh1) 25... h4 26. Qf2 {[#]} Bxh3 $1 {[%mdl 512]} 27. g3 (27. Bb3 $142 Bxg2 28. Qc2) (27. gxh3 Nxh3+) 27... g4 (27... hxg3 $142 28. Qxg3 Kg7 29. axb5 axb5) 28. fxg4 hxg3 29. Qxg3 {[#]} Bxg4 $1 {[%mdl 512]} 30. Nxg4 {[#]} Rxg4 $1 {[%mdl 576] Clearance. Accuracy: White = 28%, Black = 79%.} 0-1

[Event "EICC 2019"]
[Site "Skopia"]
[Date "2019.03.18"]
[Round "1.13"]
[White "Banzea, Alexandru-Bogdan"]
[Black "Rodshtein, Maxim"]
[Result "0-1"]
[WhiteElo "2427"]
[BlackElo "2673"]
[Annotator "TA"]
[PlyCount "72"]
[EventDate "2019.03.18"]
[EventType "swiss"]
[EventCountry "MKD"]
[SourceTitle "playchess.com"]
[Source "ChessBase"]
[SourceQuality "1"]

{[%evp 9,72,13,14,9,18,6,29,0,0,6,5,9,0,0,5,-54,-64,-61,-62,-62,-58,-50,-63,-65,-21,-48,-45,-52,-68,-64,-55,-71,-64,-52,-50,-48,-41,-141,-131,-196,-199,-337,-168,-175,-149,-321,-308,-462,-457,-597,-606,-623,-625,-577,-597,-683,-662,-605,-529,-700,-684,-29991,-29992,-29992,-850]} 1. e4 c6 2. d4 d5 3. exd5 cxd5 4. Nf3 Nf6 5. Ne5 g6 6. Bb5+ {B13: Caro-Kann: Exchange Variation and Panov-Botvinnik Attack} (6. c3 Bg7 7. Bd3 O-O 8. O-O Nc6 9. Qe2 Nxe5 10. dxe5 Nd7 11. Bf4 Nc5 {1-0 (42) Duda,J (2731)-Moranda,W (2601) Poland 2018}) 6... Nbd7 7. O-O a6 8. Bd3 {White has an edge.} (8. Ba4 {is interesting.} Bg7 9. Re1 O-O 10. Bb3 e6 11. Nd3) 8... Nxe5 $146 ({Predecessor:} 8... Bg7 9. Re1 O-O 10. Nd2 Nxe5 11. dxe5 Nd7 {1-0 (45) Cawdery,D (2345)-Kulkarni,C (2290) Port Elizabeth 2013}) 9. dxe5 Ng4 10. Qe2 Bg7 11. Bf4 g5 12. Bg3 (12. Bxg5 $11 Bxe5 13. h3 Bxb2 14. Nd2) 12... h5 $1 $15 {[%cal Rh5h4] Hoping for ...h4.} 13. h3 $1 {[%cal Rh3g4]} h4 14. Bh2 $1 Nxh2 15. Kxh2 Qb6 16. c3 f6 17. c4 fxe5 {White must now prevent ...e4.} 18. cxd5 {[#]} e4 $1 $36 {[%cal Re4d3][%mdl 2560] Black is pushing.} 19. Bxe4 Bxb2 20. Nd2 Bxa1 21. Rxa1 Qf6 22. Rb1 b5 23. Rb3 (23. Kh1 $15) 23... Bd7 24. Re3 {[#]} (24. Kg1 $17) 24... Rc8 $1 $19 25. Bf3 (25. Nb3 $142) 25... Kd8 (25... Rc1 $142 {( -> ...Qf4+)} 26. Nf1 b4) 26. Nb3 Rc3 27. Rxc3 $2 (27. Kg1 $17 {keeps fighting.}) 27... Qxc3 28. Qe4 (28. Qd1 $142) 28... Rf8 29. Nd4 {If White can now play Ne6+ this consolidates a bit.} Rf4 30. Ne6+ Bxe6 $1 31. Qxe6 {[%mdl 4096] Endgame KQR-KQB} Qf6 32. Qg8+ Kc7 33. Qa8 {If only White now had time for Qa7+....} Qb6 34. Kg1 Rc4 {Threatens to win with ...Rc1+.} 35. Qg8 Rc1+ 36. Kh2 Qf6 {Accuracy: White = 31%, Black = 68%.} (36... Qxf2 $142 37. d6+ exd6 38. Qf7+ Kb6 39. Qb7+ Ka5 40. Qc7+ Rxc7 41. Bh5 Qg3+ 42. Kh1 Rc1+ 43. Bd1 Rxd1#) 0-1

[Event "EICC 2019"]
[Site "Skopia"]
[Date "2019.03.18"]
[Round "1.14"]
[White "Nisipeanu, Liviu-Dieter"]
[Black "Parvanyan, Ashot"]
[Result "1-0"]
[WhiteElo "2670"]
[BlackElo "2426"]
[Annotator "TA"]
[PlyCount "77"]
[EventDate "2019.03.18"]
[EventType "swiss"]
[EventCountry "MKD"]
[SourceTitle "playchess.com"]
[Source "ChessBase"]
[SourceQuality "1"]

{[%evp 28,77,0,0,14,41,59,73,60,71,108,103,106,109,120,117,196,188,193,185,177,185,167,181,275,277,293,283,332,331,433,418,549,515,514,408,441,340,318,287,487,433,464,493,475,451,617,379,387,374,1256,1229]} 1. e4 e6 2. d4 d5 3. Nd2 Nf6 4. e5 Nfd7 5. c3 c5 6. Bd3 Nc6 7. Ne2 cxd4 8. cxd4 f6 9. exf6 Nxf6 10. Nf3 Bd6 11. O-O Qc7 12. Nc3 a6 13. h3 O-O 14. Be3 Bd7 15. Rc1 {[%cal Ba1c1,Bc1c5,Bc5h5,Bh5h6][%mdl 32] [#]} Rad8 $146 {C06: French Tarrasch: 3...Nf6 4 e5 Nfd7 5 Bd3 main lines} ({Predecessor:} 15... Rae8 16. Na4 Qd8 17. Nc5 Bc8 18. Nxa6 e5 19. dxe5 Nxe5 20. Nc5 Nfg4 21. Ng5 h6 22. hxg4 Nxg4 23. Nxb7 {1-0 (38) Xiong,J (2442)-Bhat,V (2511) ICC INT 2014}) 16. Na4 Qb8 17. Nc5 Bxc5 {White is better.} 18. Rxc5 Ne4 19. Bxe4 dxe4 20. Ng5 h6 21. Nxe4 b6 (21... Ne7 $16 22. Re1 b6) 22. Rh5 $1 $18 Be8 {[#]} 23. Rxh6 $1 {[%mdl 512]} gxh6 24. Qg4+ {[%mdl 64] Double Attack} Kh7 25. Qxe6 Bg6 (25... Qc7 {might work better.}) 26. Qxc6 Qc8 {[#]} 27. Nf6+ $1 {[%cal Be4f6,Bf6g4,Bg4e5][%mdl 32]} (27. Qxb6 Bxe4 28. Qxh6+ Kg8 $16) 27... Kh8 28. Qxb6 Qf5 29. Ng4 h5 30. Ne5 Bh7 31. Qxa6 Rf6 32. Qb7 Rg8 33. h4 {And now Bg5 would win.} Rg7 $2 (33... Qe4 34. Qxe4 Bxe4) 34. Qd5 Bg8 35. Qc5 ({Less strong is} 35. Qa8 Rf8 $18) 35... Qe4 {[%csl Gg7][%cal Re4g2]} 36. Bg5 Rf4 37. Qc3 Bd5 {[%csl Gd5][%cal Re4g2]} 38. f3 Qe2 $2 (38... Qxd4+ 39. Qxd4 Rxd4) 39. Re1 {Accuracy: White = 80%, Black = 29%.} 1-0

[Event "EICC 2019"]
[Site "Skopia"]
[Date "2019.03.18"]
[Round "1.15"]
[White "Radovanovic, Nikola"]
[Black "Ponomariov, Ruslan"]
[Result "1/2-1/2"]
[WhiteElo "2426"]
[BlackElo "2667"]
[Annotator "TA"]
[PlyCount "74"]
[EventDate "2019.03.18"]
[EventType "swiss"]
[EventCountry "MKD"]
[SourceTitle "playchess.com"]
[Source "ChessBase"]
[SourceQuality "1"]

{[%evp 9,74,24,56,53,50,38,68,52,47,42,41,46,45,44,42,40,45,34,27,0,13,8,11,0,14,0,10,3,12,2,6,15,21,0,0,0,0,0,100,0,7,0,0,0,33,-34,0,0,0,5,8,0,12,0,16,0,6,0,0,-3,0,0,0,0,8,0,0]} 1. d4 Nf6 2. c4 c5 3. d5 b5 4. cxb5 a6 5. bxa6 g6 6. Nc3 {A58: Benko/Volga Gambit: Lines with 5 bxa6} Bg7 7. Nf3 (7. e4 O-O 8. e5 Ne8 9. h4 Bxe5 10. Bh6 Bxa6 11. h5 Ng7 12. Nf3 Bxc3+ 13. bxc3 Bxf1 14. Kxf1 {1-0 (22) So,W (2780)-Duda,J (2737) chess.com INT 2018}) 7... O-O 8. a7 {White is slightly better.} Rxa7 9. e4 e6 10. Be2 exd5 11. exd5 d6 12. O-O Na6 {[%cal Bb8a6,Ba6c7,Bc7d5,Bd5f6][%mdl 32]} 13. Bf4 Nc7 {[#]} 14. Qd2 $146 Re8 15. Rae1 Ne4 16. Nxe4 Rxe4 17. b3 Nxd5 18. Bg5 $36 {[%mdl 2048] White is pushing.} Nf6 $1 19. Bc4 {Bxf6 is the strong threat.} Bb7 20. Rxe4 Bxe4 21. Rd1 d5 22. a4 Qb6 23. Bb5 $1 d4 {[#]} (23... h6 $11 24. Be3 (24. Bxh6 Bxh6 25. Qxh6 Bc2 $11) 24... Ng4) 24. Bc4 (24. Nxd4 $1 $16 {[%mdl 512] Black must now prevent Nf5!} h6 (24... cxd4 25. Qxd4) 25. Bxf6 Qxf6 26. Ne2) 24... Qb7 25. Bxf6 Bxf6 26. Qf4 Kg7 27. Ne1 (27. Ne5 $14 Qc7 28. Qxe4 Qxe5 29. Qxe5 Bxe5 30. g3) 27... Ra8 28. Qd6 {The position is equal.} Qe7 29. Qxe7 Bxe7 30. Nd3 Bd6 31. Re1 Bb7 32. f3 h5 33. Ne5 Re8 34. Nd3 Ra8 35. Ne5 Re8 36. Nd3 Rd8 37. Ne5 Re8 {Accuracy: White = 48%, Black = 63%.} 1/2-1/2

[Event "EICC 2019"]
[Site "Skopia"]
[Date "2019.03.18"]
[Round "1.16"]
[White "Berkes, Ferenc"]
[Black "Kacharava, Nikolozi"]
[Result "1-0"]
[WhiteElo "2666"]
[BlackElo "2424"]
[Annotator "TA"]
[PlyCount "119"]
[EventDate "2019.03.18"]
[EventType "swiss"]
[EventCountry "MKD"]
[SourceTitle "playchess.com"]
[Source "ChessBase"]
[SourceQuality "1"]

{[%evp 21,119,10,35,32,56,56,56,56,56,54,54,57,64,64,70,68,88,36,103,113,109,116,110,125,113,91,100,89,85,87,113,99,110,103,114,107,110,107,114,104,112,99,127,132,141,132,153,135,141,107,107,91,104,100,138,138,143,138,138,147,189,183,196,146,138,138,219,206,250,280,257,259,1567,1445,1239,982,1870,1745,29960,29961,29962,29964,12848,11654,29972,29973,29973,29968,29968,29965,29980,29980,29980,29981,29981,29982,29982,29983,29973,29974]} 1. d4 d5 2. Nf3 Nf6 3. g3 e6 4. Bg2 c5 5. c4 Nc6 6. O-O dxc4 7. dxc5 Qxd1 8. Rxd1 Bxc5 9. Nbd2 c3 10. bxc3 O-O {E04: Open Catalan: 5 Nf3} 11. Ne1 (11. Nb3 Be7 12. c4 Bd7 13. Bb2 Rfd8 14. Nfd4 Rab8 15. Nxc6 Bxc6 16. Rxd8+ Rxd8 17. Bxc6 bxc6 18. Bxf6 Bxf6 19. Rc1 g5 20. c5 Kf8 {1-0 (36) Giri,A (2780)-Wojtaszek,R (2749) Shenzhen 2018}) 11... Bd7 {LiveBook: 5 Games} 12. Rb1 Rab8 {White is slightly better.} 13. Ne4 $146 ({Predecessor:} 13. Nd3 Be7 14. Ne4 Nxe4 15. Bxe4 g5 16. Nb4 Rbd8 17. Nxc6 Bxc6 18. Rxd8 Rxd8 19. Bxc6 {½-½ (31) Petkov,V (2490)-Janev,E (2461) Plovdiv 2010}) 13... Nxe4 14. Bxe4 Be8 15. Nd3 Bd6 16. Nb4 Nxb4 17. cxb4 Be5 18. b5 f5 {[#]} 19. Bf3 (19. Bc2 $1 $16) 19... Bg6 (19... b6 $14) 20. b6 $16 axb6 21. Rxb6 Rfd8 22. Rxd8+ Rxd8 23. Bg5 (23. Be3 {feels hotter.} Bd4 24. Bxd4 Rxd4 25. Bxb7 Rd2 26. a4) 23... Rd6 24. Rxd6 Bxd6 25. Bxb7 {[%mdl 4096] Endgame aiming for a4. KBB-KBB} Be8 26. Ba6 Kf7 27. Bc4 Ba4 28. Kf1 Bb4 29. Bc1 Bc3 30. f3 Ke7 31. e3 e5 32. Ke2 Bb4 33. Bb2 Kd6 34. f4 exf4 35. gxf4 g6 36. Bg8 Ke7 37. Kd3 h6 38. Bg7 h5 39. Bc3 Bc5 40. Bd4 Bd6 41. Kc4 Bc7 42. Bd5 Ba5 43. Bc5+ Kf6 {[#]} (43... Ke8 $16 {was necessary.} 44. Kd4 Bd8) 44. Bb4 $1 $18 {[%cal Rb4a5]} Bb6 45. Bc3+ Ke7 46. Kb4 Bxe3 $2 (46... Bd1 47. Bd4 Bd8) 47. Kxa4 Bxf4 48. h4 Bg3 49. Kb5 Bxh4 50. a4 {[%cal Ba2a4,Ba4a5,Ba5a6][%mdl 32]} Kd6 51. Bf7 g5 52. Bf6 Bf2 53. Bxg5 {White mates.} h4 54. Bf4+ Kd7 55. a5 h3 56. Bd5 Bg1 57. a6 Bf2 58. Bc4 Bg1 59. Bf1 h2 {[#]} 60. Bxh2 $1 {[%mdl 512] Precision: White = 81%, Black = 41%.} 1-0

[Event "EICC 2019"]
[Site "Skopia"]
[Date "2019.03.18"]
[Round "1.17"]
[White "Arsovic, Zoran"]
[Black "Dreev, Aleksey"]
[Result "1/2-1/2"]
[WhiteElo "2422"]
[BlackElo "2662"]
[Annotator "TA"]
[PlyCount "85"]
[EventDate "2019.03.18"]
[EventType "swiss"]
[EventCountry "MKD"]
[SourceTitle "playchess.com"]
[Source "ChessBase"]
[SourceQuality "1"]

{[%evp 21,85,29,20,18,39,39,39,15,58,43,45,42,45,54,55,55,55,49,50,58,60,51,45,57,56,63,56,41,73,68,97,97,89,102,96,45,44,51,52,59,53,53,41,28,47,39,43,26,54,53,51,66,63,62,50,19,53,0,5,0,0,0,8,0,0,0]} 1. c4 c6 2. e4 d5 3. exd5 cxd5 4. d4 Nf6 5. Nc3 e6 6. Nf3 Bb4 7. cxd5 Nxd5 8. Qc2 Nc6 9. Bd3 Be7 10. a3 h6 11. O-O O-O 12. Qe2 {B14: Caro-Kann: Panov-Botvinnik Attack with 5...e6 and 5...g6} Re8 (12... Bd7 13. Nxd5 exd5 14. Bb1 Re8 15. Qd3 g6 16. Bxh6 Bf6 17. Ba2 Bf5 18. Qd2 {½-½ (18) Naiditsch,A (2701)-David,A (2553) New Delhi 2018}) 13. Bc2 Bf8 14. Rd1 {White is slightly better.} (14. Re1 {is interesting.} Bd7 15. h4 Bd6 16. Ne4 Bf8 17. Qd3) 14... Bd7 15. Qd3 {[%csl Gc2][%cal Rd3h7] [#]} g6 16. h4 $146 ({Predecessor:} 16. Bb3 Nce7 17. Ne5 Bc6 18. Qf3 Nf5 19. Ne4 Re7 20. g4 Nh4 {½-½ (60) Kasperek,R (2254)-Stolarczyk,A (2107) Wysowa 2003}) 16... Nxc3 17. bxc3 e5 18. dxe5 Bg4 19. Qe4 $1 Qc8 {...Nxe5! is the strong threat.} 20. Bf4 Bf5 21. Qe2 Bxc2 22. Qxc2 Qg4 23. Bg3 Rac8 24. Rd5 Ne7 25. Rd4 Qe6 26. Rd6 Qc4 27. e6 fxe6 28. Rd7 (28. Be5 $16) 28... Qxc3 $14 29. Qxc3 Rxc3 30. Rxb7 Nf5 31. Be5 Rc2 32. g4 Nd6 33. Rxa7 {Strongly threatening Rd1.} Ne4 34. Bd4 Nxf2 {[%mdl 64] [#] Decoy} 35. Bxf2 Rxf2 {[%mdl 64] Remove Defender} 36. Kxf2 Bc5+ 37. Ke2 Bxa7 {[%mdl 4096] Endgame KRB-KRN} 38. Rc1 Rb8 39. Kd3 (39. Rc2 $14) 39... Bf2 {The position is equal.} 40. Rc6 Rb3+ 41. Rc3 Rb5 42. Rc6 Rb3+ 43. Rc3 {Accuracy: White = 51%, Black = 52%.} 1/2-1/2

[Event "EICC 2019"]
[Site "Skopia"]
[Date "2019.03.18"]
[Round "1.18"]
[White "Safarli, Eltaj"]
[Black "Piesik, Piotr"]
[Result "1/2-1/2"]
[WhiteElo "2662"]
[BlackElo "2420"]
[Annotator "TA"]
[PlyCount "104"]
[EventDate "2019.03.18"]
[EventType "swiss"]
[EventCountry "MKD"]
[SourceTitle "playchess.com"]
[Source "ChessBase"]
[SourceQuality "1"]

{[%evp 11,104,-8,-2,-14,0,-10,-21,-19,32,35,32,32,32,28,39,-25,-24,-18,-12,-35,-4,-17,-11,-53,-37,-101,-6,-18,-15,-22,0,-16,-23,-22,-43,-41,-54,-72,-70,-77,-70,-88,-145,-152,-135,-135,-137,-129,-32,-97,-23,-45,0,-30,-29,-206,-73,-156,-136,-160,-158,-245,-229,-246,-245,-287,-282,-306,-37,-258,-264,-231,-252,-286,-271,-264,-250,-247,-191,-156,-92,-67,-92,-133,-139,-141,0,0,0,0,0,0,0,0,0]} 1. e4 e5 2. Nc3 Nc6 3. g3 Bc5 4. Bg2 a6 5. Nge2 d6 6. d3 Nge7 7. O-O {C25: Vienna Game: Alternatives to 2...Nf6} (7. h3 O-O 8. Nd5 Nxd5 9. exd5 Nd4 10. Be3 Nxe2 11. Qxe2 Bxe3 12. fxe3 Qg5 13. Qf3 f5 14. O-O-O Bd7 {0-1 (31) Hou,Y (2652)-Caruana,F (2802) chess.com INT 2017}) 7... O-O 8. Be3 Bxe3 9. fxe3 f5 (9... h5 $11) 10. Qd2 $14 fxe4 11. Rxf8+ Qxf8 12. Rf1 Qe8 13. dxe4 $146 (13. Nxe4 $14 d5 14. Nf2) ({Predecessor:} 13. Bxe4 Bh3 14. Rf2 Qd7 {1-0 (44) Krivec,J (2177)-Ostojic,A Pula 1999}) 13... Be6 $11 14. Nd5 Qd7 15. c4 Rf8 (15... Nc8 {keeps more tension.} 16. Nc1 Nd8 17. c5 c6 18. Nc3 b5) 16. Rxf8+ Kxf8 17. a4 Nd8 18. a5 (18. Qa5 $15) 18... c6 (18... Nc8 $17 19. b3 Kg8) 19. Nb6 Qc7 20. Nc3 Nf7 21. b4 (21. c5 $5) 21... Nc8 22. Nca4 Nxb6 23. axb6 Qd8 24. Qe2 Qd7 25. c5 Bb3 26. Nb2 $1 dxc5 27. bxc5 a5 $1 {[%cal Ba6a5,Ba5a4][%mdl 32] And now ...a4 would win.} 28. Qe1 a4 29. Qa5 Nd8 (29... g6 $1 $17 30. h3 Kg7) 30. h4 ({Better is} 30. Bf3 $15) 30... h6 (30... g6 $17) 31. Kh2 Ne6 32. Bh3 Ke7 33. Bf1 $2 {[#]} (33. Bg2 $11 {and White stays safe.}) 33... g5 (33... a3 $1 $19 {[%cal Ra3b2][%mdl 512] is more deadly.} 34. Nd3 (34. Qxa3 Qd2+) 34... a2) 34. Be2 (34. Nd3 $142) 34... gxh4 $17 35. gxh4 Qd8 36. Qc3 (36. Kg3 $17) 36... Qf8 37. Nd3 Qf6 38. Kh3 Nd8 39. Kg3 Nf7 $2 ({Black should play} 39... Qg6+ $19 40. Bg4 Nf7 41. Nxe5 Qf6 42. Nxc6+ Qxc6) 40. Bh5 $2 ({Only move:} 40. Nf2 $1 $15) 40... Qf1 $1 $19 {[%cal Rf1g1] ( -> ...Qg1+)} 41. Ne1 Qc4 $1 {[%cal Rc4c3]} 42. Qa5 Qxe4 43. Qa8 Qxe3+ 44. Nf3 Nd8 ({Worse is} 44... Qxc5 45. Bxf7 Qxb6 46. Qe8+ Kd6 47. Qxe5+ Kd7 48. Qf5+ Kc7 49. Qe5+ Kd7 50. Qg7 $11) 45. Qb8 {[%csl Gc5][%cal Rb8d6] [#]} Bf7 (45... Qf4+ $142 $1 46. Kg2 Bf7 47. Bxf7 Qxf7 48. Qd6+ Ke8 49. Qxe5+ Qe6) 46. Qc7+ $17 Ke8 $1 47. Bxf7+ Nxf7 48. Qxb7 {[#]} Nd8 (48... e4 $1 $17 49. Qxc6+ Ke7 50. Qc7+ Kf6) 49. Qc7 $11 {The position is equal.} e4 50. Qe5+ Kf7 51. Qc7+ {[%mdl 64] Double Attack} Ke8 52. Qe5+ Kf7 {Accuracy: White = 38%, Black = 49%.} 1/2-1/2

[Event "EICC 2019"]
[Site "Skopia"]
[Date "2019.03.18"]
[Round "1.19"]
[White "Hnydiuk, Aleksander"]
[Black "Melkumyan, Hrant"]
[Result "0-1"]
[WhiteElo "2417"]
[BlackElo "2661"]
[Annotator "TA"]
[PlyCount "68"]
[EventDate "2019.03.18"]
[EventType "swiss"]
[EventCountry "MKD"]
[SourceTitle "playchess.com"]
[Source "ChessBase"]
[SourceQuality "1"]

{[%evp 21,68,16,20,2,15,2,23,23,24,19,112,112,214,106,122,64,56,49,60,37,53,43,52,2,18,8,54,69,56,62,70,25,37,16,45,-653,-595,-1720,-1665,-2148,-1270,-1810,-1183,-1120,-1047,-2409,-2244,-3393,-2977]} 1. d4 Nf6 2. c4 g6 3. g3 Bg7 4. Bg2 d5 5. cxd5 Nxd5 6. Nf3 {[%cal Bg1f3,Bf3e1,Be1c2,Bc2e3][%mdl 32]} O-O 7. O-O Nc6 8. Nc3 Bf5 {D74: Fianchetto Grünfeld: Main Line (5 Nf3 0-0 6 cxd5 Nxd5 7 0-0)} 9. Ne1 Be6 10. Nc2 Nxc3 11. bxc3 Na5 {LiveBook: 4 Games} 12. Ba3 $146 ({Predecessor:} 12. e4 Qd7 13. Bf4 Rac8 14. h4 Bg4 15. Bf3 Bh3 16. Re1 {1-0 (36) Mamedyarov,S (2763)-Vachier Lagrave,M (2703) Moscow 2010}) 12... c6 13. Ne3 Re8 14. Qd3 Rc8 15. Bb4 b5 (15... c5 $11 16. Bxc5 b6) 16. a4 $1 $16 {[%cal Ra4b5]} Bc4 {[#]} (16... Nb3 $16) 17. Bxa5 (17. Qd1 $1 $18 {and White stays clearly on top.} c5 18. Bxa5 (18. Bxc5 Bb3 $14) (18. dxc5 Nc6 $16) 18... Qxa5 19. axb5 Qxb5 20. Rb1) 17... Qxa5 {[#]} 18. Qc2 (18. axb5 $1 $16 Qxa1 19. Nxc4) 18... Qc7 19. Nxc4 bxc4 20. Rfb1 Qd6 21. e3 c5 {[%cal Rc5d4]} 22. Rb7 cxd4 23. cxd4 c3 24. Rxa7 e5 $1 {[%cal Re5d4]} 25. dxe5 Bxe5 26. Be4 Red8 27. Qb3 $40 {[%mdl 128] White attacks.} Qf6 {aiming for ...c2.} 28. Bc2 $2 {[%mdl 8192]} (28. Rf1 $14) 28... Rd2 {Black is clearly winning.} 29. f4 {[#]} Bd4 $1 {[%mdl 576] Double Attack} 30. Qb7 (30. exd4 Qxd4+) 30... Bxe3+ 31. Kh1 Rf8 32. Ra6 Qd4 33. Bb3 c2 {[%cal Rd4a1]} 34. Rf1 Rd1 {Accuracy: White = 28%, Black = 53%.} 0-1